000 00439pab a2200181 454500
008 180718b1998 xxu||||| |||| 00| 0 eng d
100 _aLevine, Ross
245 _aStock markets, banks and economic growth
260 _c1998
300 _ap.537-58
362 _aJun
650 _aBanks
650 _aFinancial markets
650 _aEconomic growth
700 _aZervos, Sara
773 _aAmerican Economic Review
909 _a37970
999 _c37970
_d37970